000 00429nam a2200181Ia 4500
008 090124s9999 xx 000 0 und d
082 _b124335
100 _aसाठे माया
245 _a राधा
250 _a1
260 _c1991
300 _a195
600 _aसाठे माया
630 _a राधा
700 _aसाठे माया
730 _a राधा
942 _cBOOK
999 _c170422
_d170422